All Frozen characters by screen time - Statistics

General Stats
  • This quiz has been taken 23 times
  • The average score is 7 of 14
Answer Stats
% Of Movie Screen Time Answer % Correct
51.75 52:48 Anna
100%
22.75 23:13 Elsa
100%
13.66 13:56 Olaf
87%
12.89 13:09 Hans
78%
14.29 14:35 Sven
74%
25.25 25:46 Kristoff
70%
4.57 4:40 Duke of Weselton
35%
2.58 2:38 Marshmallow
26%
2.04 2:05 King Agnarr
22%
1.57 1:36 Oaken
22%
1.65 1:41 Queen Iduna
22%
1.55 1:35 Grand Pabbie
17%
2.06 2:06 Kai
13%
2.81 2:52 Bulda
9%
No matching quizzes found
Score Distribution
Percent of People with Each Score
Percentile by Number Answered
Your Score History
You have not taken this quiz